Nein auf verschiedenen Sprachen - Statistiken

Allgemein
  • Dieses Quiz wurde 420 mal gespielt
  • Das Durchschnittsergebnis liegt bei 10 aus 18
Antwortstatistiken
Sprache Antwort % Korrekt
Tschechisch Ne
100%
Englisch No
100%
Italienisch No
100%
Spanisch No
100%
Rumänisch No
100%
Norwegisch Nei
99%
Deutsch Nein
97%
Polnisch Nie
67%
Slowakisch Nie
67%
Französisch Non
62%
Schwedisch Nej
28%
Türkisch Hayir
16%
Portugiesisch Nao
15%
Finnisch Ei
7%
Japanisch Iie/Iya
7%
Chinesisch Bu
6%
Filipino Hindi
4%
Indonesisch Tidak
4%
Keine übereinstimmenden Quizze gefunden
Verteilung der Resultate
Anzahl Personen mit jedem Resultat
Perzentil nach korrekt beantworteten Fragen
Ihre Resultats-Entwicklung
Sie haben dieses Quiz noch nicht gespielt